| 000 | 00440nam a2200145 a 4500 | ||
|---|---|---|---|
| 001 | 000030833 | ||
| 005 | 20200930062535.0 | ||
| 008 | 110531s1986 dr 000 0 spa d | ||
| 040 |
_aDO-SdBNP _bspa _cBNPHU |
||
| 245 | 1 | 3 |
_aEl ser y la nada / _cSueko. |
| 260 |
_aSanto domingo : _bEditora Carrasquero, _c1986. |
||
| 300 |
_a132 p. ; _c23 cm. |
||
| 590 | _aPerteneció a la biblioteca personal de Juan Isidro Jimenes Grullón. | ||
| 049 | _aBNPD | ||
| 999 |
_c30325 _d30325 |
||